000 01130naa a22002897a 4500
001 BR7906380
003 BR-BrBNA
005 20240918174441.0
007 ta
008 230509b bl.||||| |||| 00| 0 por d
040 _aBR-BrBNA
_bpor
_cBiblioteca Nacional de Agricultura
041 _a(Pt)
072 _aE10; P05
_b8961
_b0230
_bG514
090 _aE10 BR7906380
100 1 _aBorges, J.M.M.
111 1 _a17. Reuniao Anual da SOBER
_cBrasilia, DF (Brazil)
_d30 Jul 1979
245 1 _aPrograma Nacional do Alcool e estabilidade economica e social na agroindustria canavieira [Saccharum officinarum; Brasil]
260 3 _aBrasilia, DF (Brasil):
_c1979.
500 _aEstabilidade de renda na agricultura e abastecimento do mercado interno Brasilia, DF (Brasil): 1979. p. 12-17 (BR7906380-AM)E10
650 _aALCOOL
650 _aCANA DE ACUCAR
650 _aINDUSTRIA AGRICOLA
650 _aCUSTO DE PRODUCAO
773 0 _tEstabilidade de renda na agricultura e abastecimento do mercado interno
_wE10 BR7906380
_gBrasilia, DF (Brasil), 1979. p. 12-17
909 _a202404
_bLucia
_c55
_dLucia Elande
942 _cAM
_2AGRIS
999 _c311341
_d311341